01444nam a22001577a 4500008004100000020001500041050001700056100001600073245007700089250000800166260003300174300003400207500002000241505099600261650002901257121102t xxu||||| |||| 00| 0 eng d a0619160446 aQA76.73.C153 aMalik, D.S. aC++ programming: program design including data structures. /cD.S. Malik a2nd aAustralia:bThomson,cc2004. axliii, 1555 p.:bill.;c23cm. aIncludes index. aContents: An Overview of computers and programming languages -- Basic elements of C++ -- Input/output -- Control structures I (selection) -- Control structures II (repetition) -- User-defined functions I -- User-defined functions II -- User-defined simple data types, namespaces, and the string type -- Arrays and strings -- Records (structs) -- Classes and data abstraction -- Inheritance and composition -- Pointers, classes, lists, and virtual functions -- Overloading and templates -- Exception handling -- Recursion -- Linked lists -- Stacks and queues -- Searching and sorting algorithms -- Binary trees -- Graphs -- Standard template library (STL) -- Appendix A: Reserved words -- Appendix B: Operator precedence -- Appendix C: Character sets -- Appendix D: Operator overloading -- Appendix E: Additional c++ topics -- Appendix F: Header files -- Appendix G: Memory size on a system and random number generator -- Appendix H: References -- Appendix I: Answers to selected exercises.  bC++ programming language